Don Knotts Filmography - Statistics

General Stats
  • This quiz has been taken 3 times
  • The average score is 9 of 184
Answer Stats
Type Year Name % Correct
TV Show 1960-1968 The Andy Griffith Show
100%
Film 1975 The Apple Dumpling Gang
100%
TV Show 1988-1992 Matlock
67%
Theater 1955-1957 No Time for Sergeants
67%
Film 1958 No Time for Sergeants
67%
TV Film 1986 Return to Mayberry
67%
Film 1968 The Shakiest Gun in the West
67%
Film 1976 Gus
33%
Film 1978 Hot Lead and Cold Feet
33%
TV Show 1968 Mayberry R.F.D.
33%
Film 1998 Pleasantville
33%
Film 1979 The Apple Dumpling Gang Rides Again
33%
Film 1964 The Incredible Mr. Limpet
33%
Film 1969 The Love God?
33%
TV Show 1972 The New Scooby-Doo Movies
33%
Film 1980 The Private Eyes
33%
TV Show 1979-1984 Three's Company
33%
TV Show 2003 8 Simple Rules
0%
TV Show 1960 About Faces
0%
Theater 1977 A Good Look at Boney Kern
0%
Film 2006 Air Buddies
0%
TV Special 1979 All-Star Birthday Party for Bob Hope... at Sea
0%
TV Special 1986 All-Star Tribute to General Jimmy Doolittle
0%
TV Show 1966 American Bandstand
0%
TV Special 1993 Andy Griffith Show Reunion
0%
Commercial 1978 Atari
0%
Commercial 1970s Beneficial Finance
0%
Film 1996 Big Bully
0%
Documentary Series 1999, 2002 Biography
0%
TV Show 1967 Bob Hope Presents the Chrysler Theatre
0%
Commercial 1970s Bonanza Steakhouses
0%
TV Show 1979 Bonkers!
0%
TV Show 1994 Burke's Law
0%
Film 1984 Cannonball Run II
0%
Film 1997 Cats Don't Dance
0%
Film 2005 Chicken Little
0%
TV Special 1978 Cinderella at the Palace
0%
TV Special 1987, 1995 Comic Relief
0%
TV Special 1965 Danny Thomas Special: Friends
0%
TV Special 1965 Danny Thomas Special: The Wonderful World of Burlesque
0%
TV Special 1976 Dean Martin Celebrity Roast: Danny Thomas
0%
TV Show 1975-1976 Dinah!
0%
TV Special 1973 Dinah Shore: In Search of the Ideal Man
0%
TV Show 1973 Dinah's Place
0%
TV Special 1970 Don Knotts' Nice Clean, Decent, Wholesome Hour
0%
Compilation Film 2011 Don Knotts: Tied Up with Laughter
0%
TV Show 1976, 1977 Donny and Marie
0%
TV Special 2002 E! Entertainment Special: Who Let the Dog Out?
0%
Documentary Series 1998 E! True Hollywood Story
0%
TV Show 1978, 1979 Fantasy Island
0%
TV Show 2005 Fatherhood
0%
TV Special 1977 Final Warning
0%
TV Show 1992 Fish Police
0%
TV Show 1972, 1973 Flip
0%
TV Show 1993 Garfield and Friends
0%
TV Show 1985 George Burns Comedy Week
0%
Commercial 1960s Grape Nuts
0%
TV Pilot 1975 Harry and Maggie
0%
Theater 1994 Harvey
0%
Film 1977 Herbie Goes to Monte Carlo
0%
TV Show 1973 Here's Lucy
0%
TV Film 2003 Hermie: A Common Caterpillar
0%
TV Film 2004 Hermie & Friends
0%
Film 2005 Hermie & Friends: A Fruitcake Christmas
0%
Film 2005 Hermie & Friends: Buzby, the Misbehaving Bee
0%
Film 2004 Hermie & Friends: Flo the Lyin' Fly
0%
Film 2006 Hermie & Friends: Stanley the Stinkbug Goes to Camp
0%
Film 2006 Hermie & Friends: To Share or Nut to Share
0%
Film 2004 Hermie & Friends: Webster the Scaredy Spider
0%
Film 1971 How to Frame a Figg
0%
TV Film 1973 I Love a Mystery
0%
TV Show 1985 Inspector Gadget
0%
Film 1963 It's a Mad Mad Mad Mad World
0%
TV Show 1972 It's Your Bet
0%
TV Show 1958, 1972 I've Got a Secret
0%
Film 1999 Jingle Bells
0%
TV Show 2004 Johnny Bravo
0%
TV Special 1976 Joys!
0%
TV Special 1973 Keep U.S. Beautiful
0%
Commercial 1998 Kodiak
0%
Theater 1988, 1992 Last of the Red Hot Lovers
0%
TV Show 2005 Las Vegas
0%
TV Show 1975 Laugh Back
0%
TV Show 1958 Make Me Laugh
0%
TV Show 1971 Make Your Own Kind of Music!
0%
TV Special 1963 March of Dimes Presents: Once Upon a Dime
0%
TV Show 1966 McHale's Navy
0%
Film 1963 Move Over, Darling
0%
Film 1978 Mule Feathers
0%
TV Show 1991 Nashville Now
0%
TV Show 1973 NBC Follies
0%
TV Show 1990 Newhart
0%
Film 1976 No Deposit, No Return
0%
Theater 1985, 2001 Norman, Is That You?
0%
TV Show 2004 Odd Job Jack
0%
Theater 1999, 2003 On Golden Pond
0%
TV Show 1968 Pat Boone in Hollywood
0%
TV Show 1968 Personality
0%
Film 1987 Pinocchio and the Emperor of the Night
0%
TV Pilot 1979 Piper's Pets
0%
TV Film 2000 Quints
0%
TV Show 1978 Redd Foxx
0%
TV Show 1953, 1955 Robert Montgomery Presents
0%
TV Show 2005 Robot Chicken
0%
TV Show 1954 Rod Brown of the Rocket Rangers
0%
Short Documentary 1968 Rowan & Martin at the Movies
0%
Commercial 1960s Sanka Coffee
0%
Video Game 2002 Scooby-Doo: Night of 100 Frights
0%
TV Show 1953-1955 Search for Tomorrow
0%
TV Show 1988 She's the Sheriff
0%
TV Show 1968 Showtime
0%
TV Special 1981 Something Spectacular with Steve Allen
0%
TV Show 1972 Stand Up and Cheer
0%
TV Special 1981 Stand Up and Cheer for the National Football League's Sixtieth Year
0%
TV Show 1993 Step by Step
0%
Commercial 2000 Target
0%
TV Show 2005 That '70s Show
0%
TV Show 1972 The ABC Comedy Hour
0%
TV Special 1965 The Andy Griffith, Don Knotts, Jim Nabors Show
0%
TV Special 2003 The Andy Griffith Show Reunion: Back to Mayberry
0%
TV Show 1963, 1967 The Andy Williams Show
0%
TV Show 1969 The Andy Williams Show
0%
TV Show 1970 The Bill Cosby Show
0%
TV Show 1958 The Bob Cummings Show
0%
TV Show 1970, 1975 The Bob Hope Show
0%
TV Show 1976, 1977 The Captain and Tennille
0%
TV Special 1978 The Captain and Tennille in Hawaii
0%
TV Show 1963, 1964 The Danny Kaye Show
0%
TV Show 1970-1971 The Don Knotts Show
0%
TV Special 1967 The Don Knotts Special
0%
TV Show 1970 The Engelbert Humperdinck Show
0%
TV Show 1962, 1963, 1964 The Garry Moore Show
0%
Film 1966 The Ghost and Mr. Chicken
0%
TV Show 1974 The Girl with Something Extra
0%
TV Film 2002 The Griffin and the Minor Canon
0%
TV Show 1964, 1968, 1969, 1970 The Hollywood Palace
0%
TV Show 1974, 1976, 1977 The Hollywood Squares
0%
TV Show 1963 The Jerry Lewis Show
0%
TV Show 1969 The Jim Nabors Hour
0%
TV Show 1978 The Jim Nabors Show
0%
TV Show 1964 The Joey Bishop Show
0%
TV Show 1968, 1969 The Joey Bishop Show
0%
TV Show 1972 The Ken Berry 'Wow' Show
0%
TV Show 1969 The Kraft Music Hall
0%
Film 1961 The Last Time I Saw Archie
0%
TV Show 1976 The Late Summer Early Fall Bert Convy Show
0%
TV Show 1969 The Leslie Uggams Show
0%
TV Film 1987 The Little Troll Prince
0%
TV Show 1979, 1987 The Love Boat
0%
TV Show 1958 The Lux Show
0%
TV Film 1972 The Man Who Came to Dinner
0%
TV Special 1973 The Many Faces of Comedy
0%
TV Show 1960 The Many Loves of Dobie Gillis
0%
TV Show 1972, 1974 The Merv Griffin Show
0%
TV Show 1976, 1977 The Mike Douglas Show
0%
Theater 1973 The Mind with the Dirty Man
0%
TV Show 1972 The Mouse Factory
0%
TV Special 1979 The Muppets Go Hollywood
0%
TV Show 1977 The Muppet Show
0%
TV Show 1971 The New Andy Griffith Show
0%
TV Show 1972, 1973 The New Bill Cosby Show
0%
TV Show 1961-1965 The New Steve Allen Show
0%
Theater 1974 The Odd Couple
0%
TV Show 1967 The Pat Boone Show
0%
Film 1979 The Prize Fighter
0%
TV Show 1970 The Ray Stevens Show
0%
TV Show 1961, 1963, 1964, 1965 The Red Skelton Hour
0%
Film 1967 The Reluctant Astronaut
0%
TV Show 1968 The Smothers Brothers Comedy Hour
0%
TV Show 1976-1977 The Sonny and Cher Show
0%
TV Show 1957-1960 The Steve Allen Plymouth Show
0%
TV Show 1968, 1969 The Steve Allen Show
0%
TV Show 1958 The Steve Lawrence-Eydie Gorme Show
0%
TV Show 1980 The Tim Conway Show
0%
TV Show 1957 The Tonight Show
0%
TV Show 1964, 1969, 1974 The Tonight Show Starring Johnny Carson
0%
TV Short 1991 Timmy's Gift: A Precious Moments Christmas
0%
Film 2000 Tom Sawyer
0%
TV Show 1975 Tony Orlando and Dawn
0%
TV Show 1974 Wait Till Your Father Gets Home
0%
Film 1960 Wake Me When It's Over
0%
TV Special 1961 What About Linda?
0%
TV Show 1987 What a Country
0%
Theater 1996 You Can't Take It with You
0%
No matching quizzes found
Score Distribution
Percent of People with Each Score
Percentile by Number Answered
Your Score History
You have not taken this quiz